LA EVANGELIZACION Y DOMINACION /

Uloženo v:
Podrobná bibliografie
Hlavní autor: Hoornaert, Eduardo (autor)
Médium: Kniha
Vydání:4a edición
Témata:
Tagy: Přidat tag
Žádné tagy, Buďte první, kdo vytvoří štítek k tomuto záznamu!

MARC

LEADER 00000nam^a2200000^a^4500
001 000245587
005 20250521000000.0
009 20260310105504.609
035 |a 008864 
037 |a Acervo Xavier Clavigero 
082 |a 232. 91  |b HOO 
100 |a Hoornaert, Eduardo  |e (autor) 
245 1 3 |a LA EVANGELIZACION Y DOMINACION /  |c EDUARDO HOORNAERT 
250 |a 4a edición 
264 |a LIMA, PERU :  |b CENTRO DE ESTUDIOS Y PUBLICACIONES,  |c 1974 
300 |a 43 p. 
336 |a texto  |b txt  |2 rdacontenido 
337 |a sin mediación  |b n  |2 rdamedio 
338 |a volumen  |b nc  |2 rdasoporte 
649 |a XX 
650 |a Virgen de Guadalupe 
650 |a Evangelización 
910 |a Fondo General 
920 |a Impresos - Libros 
930 |a Colección General 
905 |a 101 
901 |a 008864  |b IT1  |c ACC  |i 008864  |u 20250521 
902 |a https://opac.biblio.iteso.mx/vufind/Record/000245587